[Event "ch-ROU 2013"]
[Site "Baile Olanesti ROU"]
[Date "2013.02.19"]
[Round "5.23"]
[White "Doros,R"]
[Black "Georgescu,I"]
[Result "1-0"]
[WhiteElo "2309"]
[BlackElo "1992"]

1.e4 c5 2.Nf3 d6 3.Bb5+ Nd7 4.d4 a6 5.Bxd7+ Bxd7 6.dxc5 Qa5+ 7.Nc3 Qxc5 8.Be3 Qa5
9.O-O Nf6 10.Nd5 Nxd5 11.exd5 e5 12.dxe6 fxe6 13.Bd4 Qf5 14.Bc3 Be7 15.Re1 O-O
16.Qe2 e5 17.Rac1 Rac8 18.Nd2 Bg5 19.f3 Bb5 20.Qf2 Qg6 21.Rcd1 Qe6 22.a3 Rxc3
23.bxc3 d5 24.c4 dxc4 25.Ne4 Be7 26.Qe3 Bc6 27.Kh1 Qf5 28.Qc3 b5 29.a4 h5
30.axb5 axb5 31.Nd6 Qg6 32.Qxe5 Bf6 33.Qe6+ Kh7 34.Ne4 Ba8 35.Rd7 Bh4 36.Qxg6+ Kxg6
37.g3 Bd8 38.Kg2 Ba5 39.Ra1 Bb4 40.Ra6+ Kf5 41.c3  1-0

[Event "Reykjavik Open 2013"]
[Site "Reykjavik ISL"]
[Date "2013.02.19"]
[Round "1.72"]
[White "Leosson,Atli Johann"]
[Black "Saduakassova,D"]
[Result "0-1"]
[WhiteElo "1736"]
[BlackElo "2312"]

1.e4 c5 2.Nf3 d6 3.Bb5+ Nc6 4.d4 cxd4 5.Nxd4 Bd7 6.O-O Nf6 7.Re1 g6 8.Nxc6 bxc6
9.Bc4 Bg7 10.Nc3 O-O 11.Bg5 Qb6 12.Rb1 Qc5 13.Bxf6 Bxf6 14.Qe2 Rab8 15.Na4 Qa5
16.b3 Bd4 17.Nb2 Kh8 18.a4 f5 19.Rf1 fxe4 20.Qxe4 e5 21.Qh4 d5 22.Bd3 e4
23.Be2 Qc5 24.Bd1 Rf7 25.c4 Rbf8 26.Kh1 Bxf2  0-1

[Event "ch-CHI Final 2013"]
[Site "Iquique CHI"]
[Date "2013.02.20"]
[Round "8.2"]
[White "Mesias Rojas,R"]
[Black "Salinas Herrera,P"]
[Result "0-1"]
[WhiteElo "2209"]
[BlackElo "2386"]

1.e4 c5 2.Nf3 d6 3.Bb5+ Nd7 4.d4 Nf6 5.Nc3 cxd4 6.Qxd4 e5 7.Qd3 h6 8.h3 a6
9.Bxd7+ Bxd7 10.Be3 Be6 11.O-O Be7 12.Nd2 d5 13.exd5 Nxd5 14.Nxd5 Qxd5 15.Qxd5 Bxd5
16.c4 Be6 17.b3 O-O 18.Ne4 Rac8 19.Rfd1 Rc6 20.Nc3 Re8 21.Nd5 Bf8 22.a4 f5
23.Bc1 b5 24.axb5 axb5 25.cxb5 Rc5 26.Ne3 Rxb5 27.Ba3 Rxb3 28.Bxf8 Kxf8 29.Ra7 f4
30.Ng4 Rb5 31.f3 Re7 32.Rxe7 Kxe7 33.Nf2 Bf5 34.Re1 Ke6 35.Ra1 Rb1+ 36.Rxb1 Bxb1
37.Kf1 Kd5 38.Ke2 Kd4 39.h4 Bc2 40.Nh3 Bf5 41.Nf2 Kc3 42.Nd1+ Kc2 43.Nf2 g6
44.Ke1 Kc3 45.Nh1 e4 46.fxe4 Bxe4 47.Kf1 Kd2 48.Kf2 Bd5 49.Kf1 Ke3 50.Nf2 Bc4+
51.Kg1 Be2 52.Nh1 Bg4 53.Nf2 h5 54.Nh1 f3 55.g3 Bf5 56.Nf2 Ke2 57.Nh1 f2+
58.Nxf2 Kf3 59.Nh1 Bh3 60.Kh2 Bf1 61.g4 Kxg4 62.Nf2+ Kxh4 63.Ne4 Bd3 64.Nd2 Kg4
65.Nb3 g5 66.Nc5 Bf5 67.Nb3 Kf4 68.Nd4 h4 69.Kg2 g4 70.Ne2+ Ke3 71.Nc3 Be4+
72.Kh2 Bf3  0-1

[Event "24th Metropolitan GM"]
[Site "Los Angeles USA"]
[Date "2013.02.20"]
[Round "1"]
[White "Kretchetov,A"]
[Black "Matikozian,A"]
[Result "1/2-1/2"]
[WhiteElo "2276"]
[BlackElo "2429"]

1.e4 c5 2.Nf3 d6 3.Bb5+ Nc6 4.O-O Bg4 5.h3 Bh5 6.Re1 e5 7.c3 Nf6 8.d4 Nd7
9.Bxc6 bxc6 10.dxe5 Nxe5 11.g4 Bg6 12.Nxe5 dxe5 13.Qxd8+ Rxd8 14.Nd2 f6 15.Nc4 Rd3
16.Kg2 Be7 17.f3 Bf7 18.Ne3 g6 19.c4 O-O 20.b3 Rfd8 21.Kf1 a5 22.Ke2 a4 23.Rd1 R3d4
24.Bb2 Rb8 25.Bxd4 cxd4 26.Nf1 axb3 27.axb3 Rxb3 28.Nd2 Re3+ 29.Kf2 Bb4 30.Ra8+ Kg7
31.Ra7 Rd3 32.Ke2 Re3+ 33.Kf2 Rd3 34.Ke2 Re3+  1/2-1/2

[Event "Reykjavik Open 2013"]
[Site "Reykjavik ISL"]
[Date "2013.02.20"]
[Round "2.19"]
[White "Mamedjarova,T"]
[Black "Oleksienko,M"]
[Result "1/2-1/2"]
[WhiteElo "2280"]
[BlackElo "2568"]

1.e4 c5 2.Nf3 d6 3.Bb5+ Nd7 4.O-O a6 5.Bxd7+ Bxd7 6.d4 cxd4 7.Nxd4 Nf6 8.Nc3 Bc6
9.Re1 e6 10.Nxc6 bxc6 11.Bf4 d5 12.Qd4 Be7 13.Qa4 Qd7 14.Rad1 Ra7 15.Be3 Ra8  1/2-1/2

[Event "Reykjavik Open 2013"]
[Site "Reykjavik ISL"]
[Date "2013.02.20"]
[Round "2.65"]
[White "Doell,D"]
[Black "Leifsson,T"]
[Result "1-0"]
[WhiteElo "2044"]
[BlackElo "1759"]

1.e4 c5 2.Nf3 d6 3.Bb5+ Bd7 4.Bxd7+ Qxd7 5.c4 Nf6 6.Nc3 Nc6 7.d4 cxd4 8.Nxd4 g6
9.O-O Bg7 10.Nc2 O-O 11.f3 Rac8 12.Be3 Na5 13.b3 Nc6 14.Qd2 Rfd8 15.Rac1 b6
16.Bh6 Bh8 17.Rfd1 Qb7 18.Kh1 Nd7 19.Ne3 Nc5 20.Ned5 a6 21.Be3 e6 22.Nf4 Bg7
23.Qf2 Bf8 24.Qb2 Qb8 25.Qe2 Bg7 26.Nd3 Ne5 27.Nf2 Nc6 28.h3 h5 29.f4 Qb7
30.f5 exf5 31.exf5 Ne7 32.fxg6 fxg6 33.Bg5 Nf5 34.Qf3 Qxf3 35.gxf3 Re8 36.Nce4 Nb7
37.Nd3 Kf7 38.Nb4 a5 39.Nd5 Bd4 40.Bf4 Rcd8 41.Bg5 Rc8 42.Rc2 b5 43.Rcd2 bxc4
44.Rxd4 Nxd4 45.Rxd4 cxb3 46.axb3 Ke6 47.Nf4+ Kf7 48.Nd5 Ke6 49.Kg2 Rc2+
50.Kg3 Rb2 51.Nc7+  1-0

[Event "Reykjavik Open 2013"]
[Site "Reykjavik ISL"]
[Date "2013.02.20"]
[Round "3.104"]
[White "Ragnarsson,Heimir Pall"]
[Black "Storesund,Henrik"]
[Result "0-1"]
[WhiteElo "1354"]
[BlackElo "1759"]

1.e4 c5 2.Nf3 d6 3.Bb5+ Bd7 4.Bxd7+ Qxd7 5.Nc3 Nc6 6.d3 Nf6 7.O-O g6 8.Bg5 Bg7
9.Qd2 h6 10.Be3 Ng4 11.h3 Nxe3 12.fxe3 O-O 13.d4 cxd4 14.exd4 Rac8 15.Qd3 a6
16.Rf2 Qd8 17.Ne2 Qb6 18.Rb1 Nb4 19.Qb3 Qa5 20.c3 Nc6 21.Rbf1 b5 22.Nd2 e6
23.d5 exd5 24.Qxd5 Ne5 25.Nf4 Qb6 26.Kh1 Rc5 27.Qb3 Nc4 28.Nd5 Qd8 29.Nb4 a5
30.Na6 Nxd2 31.Rxd2 Rg5 32.e5 Qb6 33.Rdf2 Qxa6 34.Rxf7 Rxf7 35.Rxf7 Rxe5  0-1

[Event "ch-ROU 2013"]
[Site "Baile Olanesti ROU"]
[Date "2013.02.21"]
[Round "8.2"]
[White "Grecescu,G"]
[Black "Parligras,M"]
[Result "0-1"]
[WhiteElo "2391"]
[BlackElo "2633"]

1.e4 c5 2.Nf3 d6 3.Bb5+ Nc6 4.d4 cxd4 5.Qxd4 Bd7 6.Bxc6 Bxc6 7.c4 Nf6 8.Nc3 g6
9.O-O Bg7 10.Re1 O-O 11.Qd2 a5 12.Nd4 a4 13.Rb1 Qa5 14.Ndb5 Rfc8 15.Na3 e6
16.Qe2 d5 17.e5 Ne4 18.Bd2 Nxd2 19.Qxd2 Rd8 20.Qf4 Qb4 21.g3 dxc4 22.Nxc4 b5
23.Nd6 Qxf4 24.gxf4 Bh6 25.Ne2 Bf3 26.Nxb5 Rd2 27.Ng3 Rb8 28.Nd6 Rbxb2 29.Nge4 Re2
30.Ng5 Bxg5 31.fxg5 Rxe5 32.h4 Rxe1+ 33.Rxe1 Rd2 34.Nc4 Rxa2 35.Ne5 Bd5 36.Rc1 Kf8
37.Rc7 a3 38.Nd7+ Ke7 39.Nf6+ Kd6 40.Nxd5 exd5 41.Rxf7 Ra1+ 42.Kg2 a2 43.Ra7 d4
44.Kf3 d3 45.Ra8 Kc7  0-1

[Event "21st Fajr Open"]
[Site "Mashhad IRI"]
[Date "2013.02.21"]
[Round "3.4"]
[White "Toufighi,H"]
[Black "Valizadeh,A"]
[Result "1-0"]
[WhiteElo "2451"]
[BlackElo "2180"]

1.e4 c5 2.Nf3 d6 3.Bb5+ Nc6 4.O-O g6 5.d4 Bd7 6.dxc5 dxc5 7.Be3 b6 8.Nc3 a6
9.Bxc6 Bxc6 10.Qe2 Bg7 11.Rad1 Qb8 12.Nd5 e6 13.b4 cxb4 14.Bf4 e5 15.Qc4 Bxd5
16.exd5 exf4 17.Rfe1+ Kd8 18.d6 Ra7 19.d7 Nh6 20.Qc6  1-0

[Event "Reykjavik Open 2013"]
[Site "Reykjavik ISL"]
[Date "2013.02.21"]
[Round "4.13"]
[White "Solak,D"]
[Black "Krush,I"]
[Result "1/2-1/2"]
[WhiteElo "2603"]
[BlackElo "2460"]

1.e4 c5 2.Nf3 d6 3.Bb5+ Bd7 4.Bxd7+ Qxd7 5.O-O Nf6 6.Re1 Nc6 7.c3 e6 8.d4 cxd4
9.cxd4 d5 10.e5 Ng8 11.Nc3 Nge7 12.Ne2 Nf5 13.Ng3 Nxg3 14.hxg3 Be7 15.a3 Na5
16.b3 Qb5 17.Re3 Rc8 18.Bd2 h5 19.Bxa5 Qxa5 20.Rc1 Kd7 21.b4 Qa6 22.Rxc8 Rxc8
23.Ne1 g6 24.Nd3 b6 25.Rf3 Ke8 26.Qd2 Bf8 27.Kh2 Qb7 28.Nf4 Qc6 29.Nd3 Qc7
30.Qf4 Qe7 31.Qd2 Qd7 32.Qf4 Qe7 33.Qd2 Qd7 34.Qf4 Rc3 35.g4 hxg4 36.Qxg4 Qb5
37.Qf4 Qd7 38.Qg4 Qb5 39.Qf4 Qd7 40.Qg4  1/2-1/2

[Event "3rd Petropolis Open"]
[Site "Petropolis BRA"]
[Date "2013.02.22"]
[Round "2.4"]
[White "Martins,Anderson Donay"]
[Black "Borges da Silva,R"]
[Result "0-1"]
[WhiteElo "1927"]
[BlackElo "2236"]

1.e4 c5 2.Nf3 d6 3.Bb5+ Bd7 4.Bxd7+ Qxd7 5.O-O Nf6 6.Qe2 e6 7.d4 cxd4 8.Nxd4 Be7
9.Nc3 O-O 10.Be3 Nc6 11.f4 a6 12.g4 Nxd4 13.Bxd4 e5 14.fxe5 dxe5 15.Bxe5 Qxg4+
16.Qxg4 Bc5+ 17.Kg2 Nxg4 18.Bf4 Ne3+ 19.Bxe3 Bxe3 20.Rad1 Rac8 21.Rf3 Bg5
22.Rf2 Rfe8 23.Rd7 Re7 24.Rxe7 Bxe7 25.Nd5 Bg5 26.c3 Kf8 27.Kf3 Re8 28.Re2 Re5
29.Nb6 Ke7 30.Nc4 Re6 31.Rg2 Bh6 32.Ne3 Bxe3 33.Kxe3 g6 34.Kd3 Rd6+ 35.Ke2 Ke6
36.Rg5 Rb6 37.b3 Rb5 38.Rg2 Rh5 39.Kd3 Ke5 40.Re2 b5 41.a4 Rh3+ 42.Kc2 h5
43.axb5 axb5 44.c4 bxc4 45.bxc4 Kd4 46.Rf2 Kxc4 47.Rxf7 Rxh2+ 48.Kd1 Kd3
49.Ke1 Kxe4 50.Kf1 Rh4 51.Kg2 Rg4+ 52.Kh3 Rf4 53.Ra7 Kf5 54.Ra5+ Kf6 55.Rb5 Rf5
56.Rb1 Rf3+ 57.Kh4 Rf4+ 58.Kg3 Kg5 59.Rb5+ Rf5 60.Rb3 h4+ 61.Kh3 Kh5 62.Rb8 Rf3+
63.Kg2 Kg4 64.Rb4+ Rf4 65.Rb1 g5 66.Kh1 Rf2 67.Rg1+ Kf4 68.Ra1 h3 69.Rg1 g4
70.Ra1 g3 71.Ra4+ Ke5 72.Ra1 Kd4 73.Kg1 Rc2 74.Rd1+ Kc3 75.Kh1 Kb2  0-1

[Event "Reykjavik Open 2013"]
[Site "Reykjavik ISL"]
[Date "2013.02.22"]
[Round "5.4"]
[White "Kristjansson,St"]
[Black "Cheparinov,I"]
[Result "0-1"]
[WhiteElo "2486"]
[BlackElo "2709"]

1.e4 c5 2.Nf3 d6 3.Bb5+ Nd7 4.d4 cxd4 5.Qxd4 a6 6.Bxd7+ Bxd7 7.Bg5 h6 8.Bh4 Rc8
9.Nc3 e5 10.Qd3 Qa5 11.Nd2 Be6 12.Nf1 g5 13.Bg3 Nf6 14.Ne3 Be7 15.O-O Qc5
16.Rfd1 b5 17.a4 h5 18.f3 b4 19.Ne2 g4 20.Bf2 Qc6 21.c3 Rg8 22.Kh1 h4 23.Nd5 Bxd5
24.exd5 Qc4 25.Qxc4 Rxc4 26.b3 Rc8 27.c4 h3 28.Ng3 hxg2+ 29.Kxg2 Kd7 30.a5 gxf3+
31.Kxf3 Ng4 32.Bg1 f5 33.Ra4 Rb8 34.Rf1 Nh6 35.Ba7 Ra8 36.Bb6 f4 37.Ne4 Nf5
38.Rxb4 Rab8 39.Ra4 Rxb6 40.Nc5+ dxc5 41.axb6 Nd6 42.Rfa1 e4+ 43.Kxf4 Bg5+
44.Kg4 Bf6+ 45.Kf4 Bxa1 46.Rxa1 Rf8+ 47.Kg4 Kc8 48.Rxa6 Kb7 49.Ra7+ Kxb6
50.Re7 Ka5 51.Re6 Rd8 52.Kf4 Kb4 53.Ke5 Kxb3 54.Rxd6 Rxd6 55.Kxd6 e3  0-1

[Event "ch-ROU w 2013"]
[Site "Baile Olanesti ROU"]
[Date "2013.02.23"]
[Round "8.3"]
[White "Bulmaga,I"]
[Black "Visanescu,D"]
[Result "1-0"]
[WhiteElo "2355"]
[BlackElo "2068"]

1.e4 c5 2.Nf3 d6 3.Bb5+ Bd7 4.Bxd7+ Qxd7 5.c4 Nf6 6.Nc3 Nc6 7.d4 cxd4 8.Nxd4 g6
9.f3 Bg7 10.Be3 O-O 11.O-O Rfd8 12.Qd2 e6 13.Rfd1 d5 14.Nxc6 bxc6 15.e5 Ne8
16.f4 f6 17.exf6 Nxf6 18.Qe2 Qe7 19.Bd4 Re8 20.g3 Rad8 21.Rac1 Nh5 22.Qf2 Bxd4
23.Qxd4 Ng7 24.Qe5 Qd6 25.Qxd6 Rxd6 26.Ne4 dxe4 27.Rxd6 Nf5 28.Rd7 c5 29.Re1  1-0

[Event "Bundesliga 2012-13"]
[Site "Forchheim GER"]
[Date "2013.02.23"]
[Round "9"]
[White "Mons,L"]
[Black "Kempinski,R"]
[Result "1-0"]
[WhiteElo "2339"]
[BlackElo "2602"]

1.e4 c5 2.Nf3 d6 3.Bb5+ Nc6 4.O-O Bd7 5.Re1 a6 6.Bf1 Nf6 7.c3 Bg4 8.h3 Bxf3
9.Qxf3 g6 10.d3 Bg7 11.Be3 Nd7 12.Nd2 O-O 13.Qd1 e5 14.Nf3 Re8 15.g3 b5 16.Bg2 Nb6
17.Nh2 Qe7 18.f4 exf4 19.gxf4 Qd7 20.f5 Ne5 21.Rf1 Rac8 22.b3 d5 23.d4 cxd4
24.cxd4 Nc6 25.f6 Bf8 26.e5 Nd8 27.Qd2 Ne6 28.h4 Rc6 29.Rac1 Rec8 30.Bh3 Rxc1
31.Rxc1 Rxc1+ 32.Qxc1 Na8 33.Nf3 Nac7 34.Kh2 b4 35.Bh6 Bxh6 36.Qxh6 Qb5 37.Ng5 Qe2+
38.Bg2 Qh5 39.Qxh5 gxh5 40.Bf3 h6 41.Nxe6 Nxe6 42.Bxd5 Nxd4 43.Kg3 Nf5+ 44.Kf4 Nxh4
45.Be4 Kf8 46.Kg3 Ng6 47.e6 h4+ 48.Kg4 Ne5+ 49.Kf5 Ng6 50.e7+ Nxe7+ 51.fxe7+ Kxe7
52.Bg2 Kd6 53.Kf6 Kc5 54.Ke5 f6+ 55.Kxf6 Kd4 56.Kf5  1-0

[Event "33rd TCh-IND 2013"]
[Site "Hyderabad IND"]
[Date "2013.02.23"]
[Round "4.3"]
[White "Stany,G"]
[Black "Pradeep,KR"]
[Result "0-1"]
[WhiteElo "2456"]
[BlackElo "2253"]

1.e4 c5 2.Nf3 d6 3.Bb5+ Nd7 4.d4 cxd4 5.Qxd4 a6 6.Bxd7+ Bxd7 7.Na3 e5 8.Qd3 h6
9.Nc4 Be6 10.Ne3 Nf6 11.O-O Be7 12.c4 O-O 13.b3 b5 14.Rd1 Rc8 15.Ba3 Qa5
16.Bb2 bxc4 17.bxc4 Ng4 18.Nxg4 Bxg4 19.Ba3 f5 20.Bxd6 Bxd6 21.Qxd6 fxe4
22.Rd5 Qc3 23.Qxe5 Qxc4 24.Nd2 Qe2 25.Qd4 Rce8 26.h3 e3 27.fxe3 Bxh3 28.gxh3 Qf2+
29.Kh1 Rxe3 30.Qg4 Rg3 31.Qe6+ Kh8  0-1

[Event "Reykjavik Open 2013"]
[Site "Reykjavik ISL"]
[Date "2013.02.23"]
[Round "6.9"]
[White "Solak,D"]
[Black "Xiu Deshun"]
[Result "1/2-1/2"]
[WhiteElo "2603"]
[BlackElo "2530"]

1.e4 c5 2.Nf3 d6 3.Bb5+ Nd7 4.a4 Nf6 5.d3 a6 6.Bc4 b6 7.O-O e6 8.Nc3 Be7
9.d4 O-O 10.e5 Ne8 11.Bf4 d5 12.Ba2 Nb8 13.Ne2 Nc6 14.c3 f5 15.exf6 Nxf6
16.Ng3 Ne4 17.Be3 Ng5 18.Nxg5 Bxg5 19.Qg4 Be7 20.Qe2 Bd6 21.Rad1 c4 22.Bb1 Rf7
23.Nh5 g6 24.Ng3 b5 25.axb5 axb5 26.Qd2 b4 27.Ne2 Rb8 28.Bf4 bxc3  1/2-1/2

[Event "4NCL 2012-13"]
[Site "Staverton ENG"]
[Date "2013.02.23"]
[Round "5.162"]
[White "Trent,L"]
[Black "Palliser,R"]
[Result "0-1"]
[WhiteElo "2429"]
[BlackElo "2453"]

1.e4 c5 2.Nf3 d6 3.Bb5+ Nd7 4.O-O a6 5.Bd3 Ngf6 6.c3 Ne5 7.Be2 Ng6 8.Re1 Bd7
9.Bf1 e5 10.a4 Be7 11.d4 O-O 12.h3 b5 13.axb5 axb5 14.Rxa8 Qxa8 15.Na3 exd4
16.cxd4 Qb7 17.d5 Re8 18.Qb3 Bf8 19.Bxb5 Rb8  0-1

[Event "29th Open"]
[Site "Cappelle la Grande FRA"]
[Date "2013.02.24"]
[Round "2.23"]
[White "Hansen,Eric"]
[Black "Mateo,Ra"]
[Result "1/2-1/2"]
[WhiteElo "2557"]
[BlackElo "2427"]

1.e4 c5 2.Nf3 d6 3.Bb5+ Bd7 4.Bxd7+ Nxd7 5.c4 Ngf6 6.Nc3 a6 7.O-O e6 8.Qe2 Be7
9.Rd1 Rc8 10.b3 O-O 11.Bb2 Ne5 12.d4 Nxf3+ 13.Qxf3 cxd4 14.Rxd4 Qa5 15.Rad1 b5
16.cxb5 axb5 17.b4 Qb6 18.Qe2 e5 19.Nd5 Nxd5 20.Rxd5 Rc7 21.a3 Rfc8  1/2-1/2

[Event "TCh-CZE Div1 Zapad 2012-13"]
[Site "Czech Republic CZE"]
[Date "2013.02.24"]
[Round "8.4"]
[White "Nemec,Pa"]
[Black "Jancarik,J"]
[Result "1-0"]
[WhiteElo "2211"]
[BlackElo "2242"]

1.e4 c5 2.Nf3 d6 3.Bb5+ Nc6 4.O-O Bd7 5.c3 Nf6 6.Re1 a6 7.Bf1 Bg4 8.h3 Bh5
9.d3 e6 10.Nbd2 Be7 11.g4 Bg6 12.Bg2 d5 13.Qe2 Qc7 14.a3 O-O-O 15.b4 c4 16.dxc4 Nxe4
17.Nxe4 Bxe4 18.cxd5 exd5 19.Be3 h5 20.g5 Rhe8 21.b5 axb5 22.Qxb5 Rd7 23.a4 Ne5
24.Nxe5 Qxe5 25.Bxe4 Qxe4 26.a5 Qc4 27.Qxc4+ dxc4 28.Bc5 Kc7 29.Re4 Kc6 30.Ba3 Kb5
31.Re5+ Ka6 32.Rae1 Bxa3 33.Rxe8 Rd5 34.R1e5 Rxe5 35.Rxe5 Bb2 36.Rc5 Bxc3
37.Rxc4 Bxa5 38.Kf1 b5 39.Rc6+ Kb7 40.Rd6 Kc7 41.Ra6 Bb6 42.Ke2 b4 43.f4 Kc6
44.Kd3 Kb5 45.Ra8 Bc7 46.Rf8 Bxf4 47.Rxf7  1-0

[Event "11th TCh-IND w 2013"]
[Site "Hyderabad IND"]
[Date "2013.02.24"]
[Round "5.2"]
[White "Vaishali,R"]
[Black "Padmini,R"]
[Result "0-1"]
[WhiteElo "2040"]
[BlackElo "2307"]

1.e4 c5 2.Nf3 d6 3.Bb5+ Nc6 4.Bxc6+ bxc6 5.h3 Nf6 6.Nc3 e5 7.O-O g6 8.d3 Bg7
9.Nh2 O-O 10.f4 exf4 11.Bxf4 Nh5 12.Be3 Rb8 13.Rb1 Ng3 14.Rf3 Bxc3 15.Rxg3 Rxb2
16.Rxb2 Bxb2 17.d4 Bxd4 18.Bxd4 cxd4 19.Qxd4 c5 20.Qc3 Qb6 21.Nf3 Qb4 22.Qxb4 cxb4
23.Nd4 Bb7 24.Rb3 a5 25.c3 Bxe4 26.cxb4 axb4 27.Rxb4 Rc8 28.Nb5 Rc1+ 29.Kh2 d5
30.Nd6 f5 31.g4 Rc6 32.Rb8+ Kg7 33.Rb7+ Kf6 34.Nxe4+ fxe4 35.Rxh7 Ra6 36.Rd7 Rxa2+
37.Kg3 Ra3+ 38.Kg2 Ke5 39.Re7+ Kf4 40.Rf7+ Ke3 41.Rf6 d4 42.Rxg6 d3 43.Rd6 d2
44.g5 Rd3 45.Rxd3+ exd3 46.g6 d1=Q  0-1

[Event "Reykjavik Open 2013"]
[Site "Reykjavik ISL"]
[Date "2013.02.24"]
[Round "7.85"]
[White "Leosson,Atli Johann"]
[Black "Meier,Ger"]
[Result "1/2-1/2"]
[WhiteElo "1736"]
[BlackElo "1949"]

1.e4 c5 2.Nf3 d6 3.Bb5+ Nc6 4.d4 cxd4 5.Nxd4 Bd7 6.O-O g6 7.Be3 Nf6 8.Nc3 Bg7
9.Qd2 Ng4 10.Nxc6 bxc6 11.Bc4 Nxe3 12.Qxe3 O-O 13.Kh1 Qb6 14.Qxb6 axb6 15.Bb3 Bxc3
16.bxc3 Ra5 17.f4 Rfa8 18.Rad1 Be6 19.c4 Kg7 20.h3 h5 21.Rfe1 Kf6 22.Rd2 Rc5
23.Rd4 Rb8 24.Re2  1/2-1/2

[Event "Bundesliga 2012-13"]
[Site "Trier GER"]
[Date "2013.02.24"]
[Round "10"]
[White "Smeets,J"]
[Black "Shirov,A"]
[Result "0-1"]
[WhiteElo "2613"]
[BlackElo "2718"]

1.e4 c5 2.Nf3 d6 3.Bb5+ Bd7 4.Bxd7+ Qxd7 5.c4 Nf6 6.Nc3 g6 7.d4 cxd4 8.Nxd4 Bg7
9.f3 O-O 10.Be3 Rc8 11.b3 e6 12.Qd2 a6 13.O-O Qc7 14.Rfd1 Nbd7 15.Nde2 Ne8
16.a4 Qa5 17.Rab1 Ne5 18.Kh1 Nc6 19.Qe1 Rd8 20.b4 Qc7 21.a5 Qe7 22.Na4 Ne5
23.Nb6 Rab8 24.Rd2 Nf6 25.Qh4 h6 26.Rbd1 g5 27.Qg3 Nc6 28.Rb1 Nd7 29.Qxd6 Qxd6
30.Rxd6 Nxb6 31.Rxd8+ Rxd8 32.axb6 Rd3 33.Bg1 Rd2 34.b5 axb5 35.cxb5 Na5
36.Ng3 Nc4 37.Rc1 Nd6 38.Rb1 Rb2 39.Rd1 Be5 40.Nf1 Rxb5 41.Ne3 h5 42.g3 Rb3
43.Rd2 Rxb6 44.Ng4 Rb2 45.Rxb2 Bxb2 46.Nf2 b5 47.Nd3 Nc4 48.Bc5 Bc3 49.Kg2 g4
50.fxg4 hxg4 51.Kf2 Nd2 52.Ke3 Nf1+ 53.Kf4 Nxh2 54.e5 Kg7 55.Kg5 Bd2+ 56.Kh5 f5
57.exf6+ Kxf6  0-1

[Event "29th Open"]
[Site "Cappelle la Grande FRA"]
[Date "2013.02.25"]
[Round "3.11"]
[White "Rozentalis,E"]
[Black "Raznikov,D"]
[Result "0-1"]
[WhiteElo "2613"]
[BlackElo "2463"]

1.e4 c5 2.Nf3 d6 3.Bb5+ Nd7 4.O-O a6 5.Bd3 Ngf6 6.Re1 b6 7.c3 Bb7 8.Bc2 e5
9.d4 Be7 10.Nbd2 O-O 11.Nf1 Re8 12.Ng3 Bf8 13.d5 b5 14.Nf5 c4 15.h3 Qc7 16.Nh2 Kh8
17.Ng4 Nxg4 18.hxg4 g6 19.Nh4 Be7 20.Nf3 Bc8 21.g3 Nc5 22.Nh2 f6 23.Kg2 Bd8
24.Rh1 Qf7 25.Be3 Bb6 26.Qf3 Ra7 27.Nf1 Qg7 28.Rh2 Rf7 29.Nd2 Nd7 30.Bxb6 Nxb6
31.Rah1 Nd7 32.a4 Nc5 33.axb5 axb5 34.Nf1 Ref8 35.Ne3 Kg8 36.Rh4 Ra7 37.Bb1 Qd7
38.Rh6 Na4 39.Qe2 Nc5 40.f4 Qe8 41.f5 g5 42.Kf3 Qf7 43.Qh2 Qg7 44.Nc2 Rff7
45.Nb4 Bd7 46.Bc2 Be8 47.Qd2 Ra8 48.Nc6 Rc7 49.R6h2 Qf7 50.Qd1 Kh8 51.Rh6 Kg8
52.Qg1 Qg7 53.Qe3 Rf7 54.Nxe5 fxe5 55.Rxd6 Rc8 56.Rh5 Qf8 57.Rxg5+ Kh8 58.Rh6 Rf6
59.Rh1 Rc7 60.Kg2 h6 61.Rgh5 Bxh5 62.Rxh5 Rh7 63.Kh3 Qd6 64.Kg2 Nd7 65.Rh1 Qc5
66.Qd2 Ra6 67.Kf3 Qe7 68.Rh5 Qg7 69.Qe3 Nf6 70.Rh4 Qa7 71.Qc1 Ra1 72.Bb1 Qg7
73.Qg1 Qg5  0-1

[Event "29th Open"]
[Site "Cappelle la Grande FRA"]
[Date "2013.02.25"]
[Round "4.50"]
[White "Rozentalis,E"]
[Black "Uhoda,P"]
[Result "1-0"]
[WhiteElo "2613"]
[BlackElo "2104"]

1.e4 c5 2.Nf3 d6 3.Bb5+ Bd7 4.Bxd7+ Qxd7 5.c4 Nc6 6.d4 cxd4 7.Nxd4 Nf6 8.Nc3 g6
9.b3 Bg7 10.Bb2 O-O 11.O-O e6 12.Re1 Rfd8 13.Nxc6 bxc6 14.Qf3 Qc7 15.Rad1 Nd7
16.Qg3 Nf8 17.c5 e5 18.cxd6 Rxd6 19.Rc1 Rd2 20.Ba3 Ne6 21.Qe3 Rd7 22.Na4 Rad8
23.Nc5 Nxc5 24.Bxc5 Rd3 25.Qe2 Bh6 26.Rcd1 Rd2 27.Rxd2 Rxd2 28.Qa6 Qd7 29.g3 Rd1
30.Rxd1 Qxd1+ 31.Kg2 Qd8 32.Qxc6  1-0

[Event "Reykjavik Open 2013"]
[Site "Reykjavik ISL"]
[Date "2013.02.25"]
[Round "8.62"]
[White "Kuehnast,V"]
[Black "Bergsson,St"]
[Result "1-0"]
[WhiteElo "1936"]
[BlackElo "2180"]

1.e4 c5 2.Nf3 d6 3.Bb5+ Nd7 4.c3 e5 5.O-O Nf6 6.Qe2 a6 7.Ba4 b5 8.Bc2 Be7
9.d3 O-O 10.Rd1 Bb7 11.Nbd2 Qc7 12.Nf1 Rfe8 13.Ng5 Rac8 14.Ng3 Bf8 15.h4 a5
16.a3 a4 17.Bd2 d5 18.Rac1 Ba6 19.exd5 Nxd5 20.Qf3 N7f6 21.N3e4 Bb7 22.c4 Nxe4
23.Nxe4 Nf4 24.Qg4 Re6 25.Bxf4 exf4 26.cxb5 Rg6 27.Qh3 Qe5 28.Re1 f5 29.Ng5 Qd5
30.Kf1 Bd6 31.Nf3 Rg4 32.d4 cxd4 33.Bxa4 Ra8 34.Bd1 Qxb5+ 35.Kg1 Qxb2 36.Be2 Qxa3
37.Rb1 Be4 38.Bc4+ Kh8 39.Rb3 Qc5 40.Rxe4 Qxc4 41.Rb7 Ra1+ 42.Re1 Rxe1+ 43.Nxe1 Qe2
44.Rb1 h6 45.Qb3 Rxh4 46.Nf3 Rg4 47.Re1 Qa6 48.Re8+ Kh7 49.Qg8+ Kg6 50.Qe6+ Kh7
51.Qxf5+  1-0

[Event "Zagreb Open A 2013"]
[Site "Zagreb CRO"]
[Date "2013.02.25"]
[Round "1.11"]
[White "Ikica,A"]
[Black "Kadric,D"]
[Result "0-1"]
[WhiteElo "1994"]
[BlackElo "2473"]

1.e4 c5 2.Nf3 d6 3.Bb5+ Nd7 4.O-O a6 5.Bxd7+ Bxd7 6.d4 cxd4 7.Nxd4 Nf6 8.Nc3 e6
9.a4 Be7 10.Kh1 Rc8 11.f4 Rxc3 12.bxc3 Nxe4 13.Qf3 f5 14.Re1 O-O 15.Rxe4 fxe4
16.Qxe4 e5 17.Nf3 Bc6 18.Qe2 exf4 19.Ba3 Rf7 20.Rd1 Qc7 21.Qc4 Bf8 22.Qd4 h6
23.c4 Bxf3 24.gxf3 Qc6 25.Qd5 Qxa4 26.Qd3 Rc7 27.c5 dxc5 28.c4 Qc6 29.Bc1 b5
30.Bxf4 Rf7  0-1

[Event "29th Open"]
[Site "Cappelle la Grande FRA"]
[Date "2013.02.26"]
[Round "5.10"]
[White "Negi,P"]
[Black "Jianu,V"]
[Result "1/2-1/2"]
[WhiteElo "2638"]
[BlackElo "2500"]

1.e4 c5 2.Nf3 d6 3.Bb5+ Bd7 4.Bxd7+ Qxd7 5.c4 Nf6 6.Nc3 g6 7.d4 cxd4 8.Nxd4 Bg7
9.b3 O-O 10.Bb2 Nc6 11.O-O a6 12.Nd5 Nxd5 13.exd5 Nxd4 14.Bxd4 Bxd4 15.Qxd4 b5
16.Rfe1 bxc4 17.bxc4 Rfe8 18.h4 h5 19.Re3 e5 20.dxe6 Rxe6 21.c5 d5 22.Rxe6 Qxe6
23.Rb1 Rc8 24.Rb7 Qe8 25.g3 Qf8 26.Qxd5 Rxc5 27.Qd7 Rf5 28.Qd4 Qg7 29.Qc4 Qf6
30.Rb8+ Kh7 31.Qc8 Rxf2 32.Qg8+ Kh6 33.Qf8+ Kh7 34.Qg8+ Kh6 35.Qf8+  1/2-1/2

[Event "Reykjavik Open 2013"]
[Site "Reykjavik ISL"]
[Date "2013.02.27"]
[Round "10.43"]
[White "Doell,D"]
[Black "Kvisvik,B"]
[Result "1/2-1/2"]
[WhiteElo "2044"]
[BlackElo "2314"]

1.e4 c5 2.Nf3 d6 3.Bb5+ Bd7 4.Bxd7+ Qxd7 5.c4 Nc6 6.d4 cxd4 7.Nxd4 g6 8.Be3 Bg7
9.f3 Nf6 10.Nc3 O-O 11.Qd2 a6 12.O-O Nxd4 13.Bxd4 b5 14.Nd5 Nxd5 15.cxd5 Bxd4+
16.Qxd4 Rfc8 17.Rac1 Rc7 18.Qb6 Rac8 19.Rxc7 Qxc7 20.Qxa6 Qc5+ 21.Kh1 Qc4
22.Rg1 Rc5 23.Qa5 Kg7 24.b4 Qc3 25.h3 Rc4 26.a3 Rc7 27.Qxb5 Qxa3 28.Qa5 Qc3
29.Qa1 Qxa1 30.Rxa1 f5 31.b5 fxe4 32.fxe4 Kf6 33.b6 Rb7 34.Rb1 Ke5 35.Rb4 e6
36.dxe6 Kxe6 37.Kg1 Kd7 38.Kf2 Kc6 39.Ke3 Rxb6 40.Rxb6+ Kxb6 41.Kd4 Kc6 42.Kc4 Kd7
43.Kd5 Ke7 44.e5 dxe5 45.Kxe5 Kf7 46.g4 g5 47.Kf5 h6 48.Ke5 Ke7 49.Kf5  1/2-1/2

[Event "29th Open"]
[Site "Cappelle la Grande FRA"]
[Date "2013.02.28"]
[Round "7.48"]
[White "Callet,E"]
[Black "Timofeev,Arty"]
[Result "0-1"]
[WhiteElo "2186"]
[BlackElo "2613"]

1.e4 c5 2.Nf3 d6 3.Bb5+ Bd7 4.Bxd7+ Nxd7 5.c4 g6 6.Nc3 Bg7 7.O-O Rc8 8.d3 Ngf6
9.h3 O-O 10.Qe2 a6 11.Bg5 h6 12.Be3 e6 13.Rac1 Qa5 14.Bf4 Ne8 15.e5 dxe5
16.Nxe5 Nef6 17.a3 Rfd8 18.Rfd1 Nh5 19.Bh2 Nxe5 20.Bxe5 Bxe5 21.Qxe5 Qc7
22.Qe3 Nf4 23.Ne2 Nxe2+ 24.Qxe2 Rd4 25.Rc3 Rcd8 26.b4 b6 27.Rb1 Qd6 28.Rbb3 e5
29.g3 h5 30.h4 Kg7 31.Qf3 Rd7 32.Qa8 Qf6 33.bxc5 bxc5 34.Kg2 Qf5 35.Qf3 Qe6
36.a4 Rxd3 37.Rxd3 e4 38.Qe3 exd3 39.Rxd3 Qxe3 40.Rxe3 Rd4 41.Rc3 a5 42.Kf3 Kf6
43.Ke3 Kf5 44.Rb3 Rxc4 45.Rb5 Re4+ 46.Kf3 Rxa4 47.Rxc5+ Ke6 48.Rc6+ Ke5 49.Ra6 Ra3+
50.Kg2 a4 51.Ra7 Ke6 52.Ra6+ Kd5 53.Ra7 f5 54.Ra6 Kc4 55.Ra8 Ra2 56.Ra6 a3
57.Ra8 Ra1 58.Kf3 Kb3 59.Rb8+ Ka2 60.Rb6 Rb1 61.Rxg6 Rb4 62.Re6 Kb2 63.Re2+ Kb3
64.Re3+ Ka4 65.Re1 a2 66.Ra1 Ka3 67.Ke3 Kb2  0-1

[Event "20th Bunratty Masters"]
[Site "Bunratty IRL"]
[Date "2013.03.01"]
[Round "1.17"]
[White "Wolferink,F"]
[Black "Bourached,Anthony"]
[Result "1-0"]
[WhiteElo "2077"]
[BlackElo "1858"]

1.e4 c5 2.Nf3 d6 3.Bb5+ Bd7 4.Bxd7+ Qxd7 5.O-O e6 6.c4 Nf6 7.Nc3 Nc6 8.d4 cxd4
9.Nxd4 Be7 10.Be3 O-O 11.Rc1 Rfc8 12.Qe2 Ne5 13.b3 Qc7 14.h3 Ned7 15.Rfd1 Nc5
16.Ndb5 Qc6 17.Bg5 Rd8 18.b4 Ncd7 19.Nd4 Qb6 20.a3 Rac8 21.Be3 Qa6 22.Ncb5 b6
23.Bf4 Ne5 24.Bg5 Qb7 25.f4 Nc6 26.f5 a6 27.Nxc6 Qxc6 28.Na7 Qd7 29.Nxc8 Rxc8
30.e5 Ne8 31.Bxe7  1-0